Coplas de Mingo Revulgo (1485) / (Record no. 185996)

MARC details
000 -LEADER
campo de control de longitud fija 00828nam a2200241 i 4500
001 - NÚMERO DE CONTROL
campo de control 185996
003 - IDENTIFICADOR DE NÚMERO DE CONTROL
campo de control ES-MaACL
005 - FECHA Y HORA DE LA ÚLTIMA TRANSACCIÓN
campo de control 20230906222548.0
008 - DATOS DE LONGITUD FIJA--INFORMACIÓN GENERAL
campo de control de longitud fija 160902s1953 sp |||| | spa d
080 ## - NÚMERO DE LA CLASIFICACIÓN DECIMAL UNIVERSAL
Número de la Clasificación Decimal Universal 821.134.2-17"14"
130 0# - ENTRADA PRINCIPAL--TÍTULO UNIFORME
Título uniforme Coplas de Mingo Revulgo.
9 (RLIN) 160681
245 10 - MENCIÓN DEL TÍTULO
Título Coplas de Mingo Revulgo (1485) /
Mención de responsabilidad, etc. [glosa de las Coplas del Revulgo fecha por Fernando del Pulgar].
250 ## - MENCION DE EDICION
Mención de edición [Ed. facs.].
260 ## - PUBLICACIÓN, DISTRIBUCIÓN, ETC.
Lugar de publicación, distribución, etc. [S.l. :
Nombre del editor, distribuidor, etc. s.n.],
Fecha de publicación, distribución, etc. 1953 (
Lugar de fabricación/manufactura Valencia :
Fabricante Tip. Moderna)
300 ## - DESCRIPCIÓN FÍSICA
Extensión 49 h. ;
Dimensiones 25 cm.
490 1# - MENCIÓN DE SERIE
Mención de serie Incunables poéticos castellanos ;
Designación de volumen o secuencia 2
655 #7 - TERMINO DE INDIZACIÓN--GENERO/FORMA
Fuente del término tgfbne
9 (RLIN) 226495
Datos o término principal de género/forma Facsímiles
700 1# - ENTRADA AGREGADA--NOMBRE PERSONAL
Nombre de persona Pulgar, Fernando del (
Fechas asociadas al nombre ca. 1430-ca. 1493)
9 (RLIN) 94365
830 0# - PUNTO DE ACCESO ADICIONAL DE SERIE-TÍTULO UNIFORME
Título uniforme Incunables poéticos castellanos ;
Designación de volumen o secuencia 2
9 (RLIN) 192454
852 ## - LOCALIZACIÓN
Ubicación ES-MaACL
Número de control de estantería E-3999
942 ## - ELEMENTOS DE ENTRADA SECUNDARIOS (KOHA)
Fuente del sistema de clasificación o colocación Clasificación decimal universal
Holdings
Estatus retirado Estado de pérdida Estado de daño No para préstamo Biblioteca de origen Biblioteca actual Ubicación en estantería Fecha de adquisición Fuente de adquisición Total de préstamos Signatura topográfica completa Código de barras Visto por última vez Precio de reemplazo Tipo de ítem Koha
        Biblioteca del Ateneo de Madrid Biblioteca del Ateneo de Madrid Depósito 2 02/09/2016     E-3999 1196089 23/02/2023 23/02/2023 Libro impreso